000 00383nam a2200133Ia 4500
008 211109s9999||||xx |||||||||||||| ||und||
082 _a401.6
_bGUR-V
100 _aGurubhaktha Singh Bhakth,
245 0 _aVikramadithya
260 _bNo Publisher
_aNo Place
_c1943
630 _xGeneral Stack
650 _aLANGUAGE
_vPHILOSOPHY AND THEORYSERIAL PUBLICATION
_xGeneralia
942 _cBOOK
999 _c16537
_d16537